| 000 | 00892nmm a2200325 a 4500 | ||
|---|---|---|---|
| 003 | AR-BaBNM | ||
| 005 | 20251128210159.0 | ||
| 008 | 299019s1990 ||||||||||||||000 | spa|| | ||
| 020 | _a968-24-3599-4 | ||
| 040 | _cAR-BaBNM | ||
| 100 | 1 | _aTyler, Leona E. | |
| 245 | 1 | 0 | _aLa función del orientador |
| 250 | _a2ª ed. | ||
| 260 |
_aMéxico, D.F. _bTrillas _c1990 |
||
| 300 | 0 |
_a359 p. _btablas |
|
| 500 | 0 | _aContiene apéndice p. 330-331 | |
| 500 | 0 | _aContiene referencias p. 332-351 | |
| 500 | 0 | _aContiene índice alfabético p. 353-359 | |
| 650 | 4 | _aFUNCIONES DE LA ORIENTACION | |
| 650 | 4 | _aOBJETIVOS DE LA ORIENTACION | |
| 650 | 4 | _aPSICOLOGIA | |
| 650 | 4 | _aENTREVISTAS | |
| 650 | 4 | _aCOMUNICACION | |
| 650 | 4 | _aPRUEBAS ESTANDARIZADAS | |
| 650 | 4 | _aEVALUACION | |
| 653 | 0 | _aORIENTACION VOCACIONAL | |
| 700 | 1 | _aPineda Arce, José | |
| 942 | _cBK | ||
| 998 | _cRaquel | ||
| 999 |
_c14404 _d14404 |
||